000 00605nam a2200217Ia 4500
003 GCL
008 140319s9999 xx 000 0 ara d
040 _aGCL /
_cGCL
082 0 4 _a808.083
_bك ك
100 1 _aكامى، البير
245 1 0 _aكاليجولا /
_cكامى، البير
700 1 _aعلى عطيه رزق
300 _a169 ص
490 _aالمسرح العالمى
_v0
650 0 4 _aالادب
650 0 4 _aالمسرحيات
650 0 4 _aالدراما
650 0 4 _aالادب العالمى
650 0 4 _aالادب العالمى المترجم
942 _2ddc
_cBK
999 _c40240
_d40240